Sports Quiz

Random Sports or Football Quiz
Score 0/92 Timer 10:00
0 Plays Today
Number Player % Correct
12Tom Brady
97.4%
87Rob Gronkowski
88.6%
83Wes Welker
87.7%
81Aaron Hernandez
86.8%
3Stephen Gostkowski
83.3%
22Stevan Ridley
83.3%
15Ryan Mallett
81.6%
95Chandler Jones
79.8%
8Brian Hoyer
78.9%
75Vince Wilfork
78.9%
34Shane Vereen
76.3%
51Jerod Mayo
72.8%
70Logan Mankins
72.8%
14Zoltan Mesko
71.9%
25Patrick Chung
71.9%
45Dont'a Hightower
71.9%
84Deion Branch
71.9%
85Brandon Lloyd
71.1%
11Julian Edelman
70.2%
39Danny Woodhead
70.2%
32Devin McCourty
69.3%
55Brandon Spikes
68.4%
77Nate Solder
66.7%
50Rob Ninkovich
64.9%
76Sebastian Vollmer
64.9%
18Matthew Slater
62.3%
24Kyle Arrington
62.3%
67Dan Koppen
62.3%
19Donte' Stallworth
58.8%
31Sergio Brown
56.1%
41Malcolm Williams
56.1%
Number Player % Correct
10Jabar Gaffney
55.3%
86Daniel Fells
53.5%
63Dan Connolly
52.6%
38Brandon Bolden
51.8%
27Tavon Wilson
50.9%
96Jermaine Cunningham
50.9%
21Ras-I Dowling
50%
54Brian Waters
49.1%
29bSterling Moore
49.1%
58Tracy White
47.4%
61Marcus Cannon
47.4%
15Shun White
46.5%
62Ryan Wendell
44.7%
82Visanthe Shiancoe
44.7%
92Gerard Warren
44.7%
60wJeremiah Warren
44.7%
74bKyle Love
43.9%
43Nate Ebner
42.1%
64Donald Thomas
42.1%
71Brandon Deaderick
41.2%
88Jake Ballard
41.2%
48Danny Aiken
40.4%
37Alfonzo Dennard
39.5%
52Dane Fletcher
37.7%
66bJake Bequette
35.1%
28Steve Gregory
34.2%
91Myron Pryor
34.2%
44James Ihedigbo
33.3%
46Spencer Larsen
33.3%
99Trevor Scott
32.5%
17Britt Davis
31.6%
Number Player % Correct
59Bobby Carpenter
31.6%
80Jeremy ****
30.7%
97Ron Brace
30.7%
53Jeff Tarpinian
29.8%
36Eric Kettani
28.9%
65Nick McDonald
28.9%
23Marquice Cole
28.1%
90Niko Koutouvides
28.1%
35Ross Ventrone
26.3%
42Tony Fiammetta
26.3%
47Mike Rivera
24.6%
72Robert Gallery
24.6%
26Will Allen
23.7%
65bMarcus Forston
23.7%
30Josh Barrett
22.8%
66wMarkus Zusevics
22.8%
2Chris Koepplin
21.9%
16Jesse Holley
21.9%
49Alex Silvestro
21.9%
94Marcus Harrison
21.9%
98Jonathan Fanene
21.1%
82Brad Herman
18.4%
69wKyle Hix
16.7%
68wMatt Kopa
15.8%
93Tim Bulman
14.9%
68bJustin Francis
14.9%
74wDarrion Weems
13.2%
71wJamey Richard
8.8%
60bAaron Lavarias
6.1%
47wTyler Urban
5.3%
Remove Ads.
Support Sporcle.
Get the best of Sporcle when you Go Orange. This ad-free experience offers more features, more stats, and more fun while also helping to support Sporcle. Thank you for becoming a member.

You're not logged in!

Compare scores with friends on all Sporcle quizzes.
OR
Log In

Show Comments

Extras

Top Quizzes Today


Score Distribution

Your Account Isn't Verified!

In order to create a playlist on Sporcle, you need to verify the email address you used during registration. Go to your Sporcle Settings to finish the process.

Report this User

Report this user for behavior that violates our Community Guidelines.

Details: